| 000 | 00697nam a2200229Ia 4500 | ||
|---|---|---|---|
| 005 | 20250507130317.0 | ||
| 008 | 008 250505s9999 xx 000 0 eng d | ||
| 020 | _a0485114623 | ||
| 037 | _aAnnuals, Advances | ||
| 040 |
_aEASL _beng _cEASL |
||
| 041 |
_aeng _2eng |
||
| 084 |
_aX8(A):8.42, N6 _qEASL |
||
| 100 |
_aKatayama Osamu _9642712 |
||
| 245 | 0 | _aJapanese Business into the 21st century | |
| 260 |
_aUK _bLondon Athlone _c1996 |
||
| 300 | _a260p. | ||
| 365 |
_aP _b45.00 |
||
| 650 |
_aJEL; Strategic planning Japan; Succes business Japan _9755151 |
||
| 700 |
_aWalker Richard Tr. _9642716 |
||
| 942 |
_cTEXL _hX8(A):8.42, N6 |
||
| 999 |
_c1318919 _d1318919 |
||